ბათუმის შოთა რუსთაველის სახელმწიფო უნივერსიტეტის ბიბლიოთეკა

ჩემს ცისარტყელებს ჩამოათოვა. (ბიბ.ჩანაწერი № 44020)

000 -LEADER
fixed length control field 00918nam a2200253Ia 4500
001 - CONTROL NUMBER
control field 10770
003 - CONTROL NUMBER IDENTIFIER
control field GE_BSU
008 - FIXED-LENGTH DATA ELEMENTS--GENERAL INFORMATION
fixed length control field 181216s||||||||xx |||||||||||||| ||und||
020 ## - INTERNATIONAL STANDARD BOOK NUMBER
International Standard Book Number 9789994068043
040 ## - CATALOGING SOURCE
Transcribing agency GE_BSU
080 ## - UNIVERSAL DECIMAL CLASSIFICATION NUMBER
Universal Decimal Classification number 821.353.1-1
100 ## - MAIN ENTRY--PERSONAL NAME
Personal name ქებურია,ბელა
245 ## - TITLE STATEMENT
Title ჩემს ცისარტყელებს ჩამოათოვა.
245 ## - TITLE STATEMENT
Remainder of title ლექსები.
245 ## - TITLE STATEMENT
Statement of responsibility, etc. რედ.მაყვალა გონაშვილი;მხატვ.რუსუდან ფეტვიაშვილი.
260 ## - PUBLICATION, DISTRIBUTION, ETC.
Place of publication, distribution, etc. თბილისი.
260 ## - PUBLICATION, DISTRIBUTION, ETC.
Name of publisher, distributor, etc. ეროვნული მწერლობა.
260 ## - PUBLICATION, DISTRIBUTION, ETC.
Date of publication, distribution, etc. 2007.
300 ## - PHYSICAL DESCRIPTION
Extent 160გვ;20სმ.
300 ## - PHYSICAL DESCRIPTION
Accompanying material ფოტო გარეკანზე.
653 ## - INDEX TERM--UNCONTROLLED
Uncontrolled term ჩემს ცისარტყელებს ჩამოათოვა.
942 ## - ADDED ENTRY ELEMENTS (KOHA)
Koha item type წიგნი
ეგზემპლარები
Withdrawn status Lost status Damaged status Not for loan Date acquired Barcode Date last seen Price effective from Koha item type
        2018-12-17 35262 2018-12-17 2018-12-17 წიგნი